000 00632nam a22002417a 4500
003 UA-OsUOA
001 126211
007 ta
008 20171011b un ||||| |||| 00| 0 ukr d
100 _aЧереватенко Л.
090 _a821.161.2
_bЧ-46
942 _cBK
040 _aUA-OsUOA
_bukr
_cUA-OsUOA
_dUA-OsUOA
245 _aЗакляте залізо
300 _a232 с.
955 _a3
041 _aukr
080 _a821.161.2
020 _a978-966-378-239-3
260 _aК.
_bДух і Літера
_c2012
650 7 _a82 Література. Літературознавство
_2UDC
999 _c413441
_d413441